[Event "GER-ch U14 Girls"]
[Site "Magdeburg"]
[Date "2014.06.10"]
[Round "4"]
[White "Mueller, Sophie Elisabeth"]
[Black "Reinecke, Katharina"]
[Result "1/2-1/2"]
[WhiteElo "1509"]
[BlackElo "1555"]
[PlyCount "46"]
[EventDate "2014.06.08"]
[EventType "swiss"]
[EventRounds "9"]
[EventCountry "GER"]
[SourceTitle "CBM 160 Extra"]
[Source "ChessBase"]
[SourceDate "2014.07.01"]
[SourceVersion "1"]
[SourceVersionDate "2014.07.01"]
[SourceQuality "1"]

1. d4 d5 2. c4 c6 3. Nf3 Nf6 4. e3 e6 5. Nbd2 Be7 6. b3 0-0 7. Bb2 Nbd7 8. Bd3 Re8 9. 0-0 Nf8 10. Ne5 Ng6 11. Ndf3 Ne4 12. Qc2 Ng5 13. Nxg5 Bxg5 14. f4 Be7 15. Rf3 f5 16. g4 Rf8 17. Rg3 Nxe5 18. fxe5 Bh4 19. Rg2 Bg5 20. Re1 g6 21. gxf5 exf5 22. cxd5 cxd5 23. Qe2 f4 1/2-1/2

[Event "Saarland-ch B 89th"]
[Site "Stennweiler"]
[Date "2014.04.19"]
[Round "9"]
[White "Rohr, Christian"]
[Black "Mueller, Sophie Elisabeth"]
[Result "0-1"]
[WhiteElo "1539"]
[BlackElo "1460"]
[PlyCount "108"]
[EventDate "2014.04.11"]
[EventType "swiss"]
[EventRounds "9"]
[EventCountry "GER"]
[SourceTitle "EXT 2016"]
[Source "ChessBase"]
[SourceDate "2015.10.08"]
[SourceVersion "1"]
[SourceVersionDate "2015.10.08"]
[SourceQuality "1"]

1. e4 c5 2. Bc4 d6 3. Nc3 Nf6 4. d3 g6 5. Bg5 Bg7 6. Qf3 0-0 7. Nge2 Nc6 8. Qe3 Bd7 9. h3 a6 10. a3 Re8 11. 0-0 b5 12. Ba2 Rb8 13. Bh6 a5 14. Bxg7 Kxg7 15. Ng3 b4 16. axb4 axb4 17. Nce2 Qb6 18. f4 Qc7 19. f5 Rf8 20. h4 h6 21. Nf4 Ng4 22. Qd2 Nf6 23. Qe3 Nd4 24. Qd2 b3 25. cxb3 Nxb3 26. Bxb3 Rxb3 27. Qc2 Qb6 28. Rab1 Rb8 29. Rf2 Nxe4 30. Nxe4 Bxf5 31. Nd5 Qb7 32. Ndc3 Qc6 33. Qd1 c4 34. Qf3 cxd3 35. Qxd3 Bxe4 36. Qd4+ f6 37. Nxe4 R3b4 38. Qc3 Qxe4 39. Re1 Qb7 40. Re6 Qd7 41. Qe3 R4b7 42. Re2 Re8 43. g4 Qa4 44. Qf3 Qa1+ 45. Kh2 Rxb2 46. g5 hxg5 47. hxg5 Rxe2+ 48. Qxe2 Kf7 49. gxf6 Rh8+ 50. Kg3 Qg1+ 51. Kf3 Rh3+ 52. Kf4 Qg3+ 53. Ke4 Kxe6 54. Qc4+ Kxf6 0-1

[Event "Saarland-ch B 89th"]
[Site "Stennweiler"]
[Date "2014.04.13"]
[Round "3"]
[White "Damand, Andre"]
[Black "Mueller, Sophie Elisabeth"]
[Result "0-1"]
[WhiteElo "1362"]
[BlackElo "1460"]
[PlyCount "120"]
[EventDate "2014.04.11"]
[EventType "swiss"]
[EventRounds "9"]
[EventCountry "GER"]
[SourceTitle "EXT 2016"]
[Source "ChessBase"]
[SourceDate "2015.10.08"]
[SourceVersion "1"]
[SourceVersionDate "2015.10.08"]
[SourceQuality "1"]

1. Nf3 c5 2. e4 d6 3. h3 Nf6 4. Bd3 a6 5. c4 Nc6 6. Nc3 g6 7. 0-0 Bg7 8. Re1 0-0 9. a3 e6 10. Rb1 d5 11. cxd5 exd5 12. exd5 Nxd5 13. Nxd5 Qxd5 14. Be4 Qd6 15. d3 Be6 16. Be3 Bd5 17. Qc1 b6 18. Bh6 Rfe8 19. Bxg7 Kxg7 20. Qc3+ Kg8 21. Bxd5 Qxd5 22. Nh2 Qd4 23. Ng4 Kg7 24. Qd2 Rad8 25. Qh6+ Kg8 26. Qg5 Kg7 27. Nh6 Qf6 28. Qd2 Ne5 29. Rxe5 Qxe5 30. Ng4 Qd4 31. Rd1 h5 32. Ne3 Rd7 33. Qc2 Rxe3 34. fxe3 Qxe3+ 35. Kh1 Qd4 36. b3 b5 37. Rc1 Qxd3 38. Qxc5 Qxb3 39. Rc3 Qd1+ 40. Kh2 Qd6+ 41. Kg1 Qxc5+ 42. Rxc5 Rd3 43. Rc6 Rxa3 44. Rb6 Ra4 45. Kf1 b4 46. Ke1 a5 47. Kd1 Ra2 48. g4 hxg4 49. hxg4 Rg2 50. Rb5 Rxg4 51. Rxa5 Re4 52. Kd2 f5 53. Kd3 b3 54. Rb5 Rh4 55. Kc3 Rh3+ 56. Kb2 Kf6 57. Rb8 Kg5 58. Rb5 Kg4 59. Rb8 g5 60. Rg8 Kf4 0-1

[Event "GER-ch U14 Girls"]
[Site "Oberhof"]
[Date "2013.05.25"]
[Round "9"]
[White "Hacklinger, Dilan"]
[Black "Mueller, Sophie Elisabeth"]
[Result "1/2-1/2"]
[WhiteElo "1313"]
[BlackElo "1408"]
[PlyCount "47"]
[EventDate "2013.05.19"]
[EventType "swiss"]
[EventRounds "9"]
[EventCountry "GER"]
[SourceTitle "CBM 154 Extra"]
[Source "ChessBase"]
[SourceDate "2013.06.25"]
[SourceVersion "2"]
[SourceVersionDate "2013.06.25"]
[SourceQuality "1"]

1. e4 c5 2. b4 b6 3. bxc5 bxc5 4. Nc3 Nc6 5. Nf3 Bb7 6. Rb1 Rb8 7. Bc4 e6 8. 0-0 Qc7 9. d3 Nf6 10. Nb5 Qd8 11. Bf4 d6 12. Re1 a6 13. Nc3 Nd7 14. h3 Be7 15. Qd2 0-0 16. Bg5 Bxg5 17. Qxg5 Qxg5 18. Nxg5 Nce5 19. Bb3 h6 20. Nf3 Nxf3+ 21. gxf3 Bc6 22. Rbc1 Rb7 23. Kh2 Ne5 24. Kg2 1/2-1/2

[Event "GER-ch U14 Girls"]
[Site "Oberhof"]
[Date "2013.05.22"]
[Round "6"]
[White "Mueller, Sophie Elisabeth"]
[Black "Simon, Tessa"]
[Result "0-1"]
[WhiteElo "1408"]
[BlackElo "1547"]
[PlyCount "92"]
[EventDate "2013.05.19"]
[EventType "swiss"]
[EventRounds "9"]
[EventCountry "GER"]
[SourceTitle "CBM 154 Extra"]
[Source "ChessBase"]
[SourceDate "2013.06.25"]
[SourceVersion "2"]
[SourceVersionDate "2013.06.25"]
[SourceQuality "1"]

1. c4 e5 2. Nc3 Nf6 3. g3 Nc6 4. Bg2 Bc5 5. Nf3 d6 6. 0-0 0-0 7. d3 h6 8. a3 a6 9. b4 Ba7 10. Bd2 Be6 11. Rb1 Qd7 12. a4 Bh3 13. b5 axb5 14. axb5 Ne7 15. Qc2 Ng6 16. Ra1 Bxg2 17. Kxg2 Nh7 18. Nd5 Bc5 19. Ba5 Ne7 20. Nxe7+ Qxe7 21. Bc3 Ng5 22. Nxg5 Qxg5 23. Rxa8 Rxa8 24. Ra1 Re8 25. Qd2 Qxd2 26. Bxd2 e4 27. Re1 Kf8 28. Bc3 exd3 29. exd3 Rxe1 30. Bxe1 Bd4 31. Kf3 Ke7 32. Bd2 Ke6 33. Ke4 Bxf2 34. Be3 Bxe3 35. Kxe3 c6 36. bxc6 bxc6 37. Ke4 f5+ 38. Kd4 c5+ 39. Ke3 Ke5 40. h3 g5 41. g4 f4+ 42. Kf3 Kd4 43. Ke2 Kc3 44. Kd1 Kxd3 45. Ke1 Kxc4 46. Kd2 Kb3 0-1

[Event "GER-ch Net qual4 U14"]
[Site "Playchess.com INT"]
[Date "2012.09.12"]
[Round "7"]
[White "Mueller, Sophie Elisabeth"]
[Black "Hartmann, Jakob"]
[Result "0-1"]
[WhiteElo "1433"]
[BlackElo "1425"]
[PlyCount "58"]
[EventDate "2012.09.12"]
[EventType "swiss (blitz)"]
[EventRounds "7"]
[EventCountry "GER"]
[SourceTitle "CBM 150 Extra"]
[Source "ChessBase"]
[SourceDate "2012.10.19"]
[SourceVersion "1"]
[SourceVersionDate "2012.10.19"]
[SourceQuality "1"]

1. c4 e5 2. Nc3 Nf6 3. d3 d5 4. cxd5 Nxd5 5. Nf3 Nc6 6. g3 Bb4 7. Bd2 Bxc3 8. Bxc3 Nxc3 9. bxc3 0-0 10. Bg2 f5 11. 0-0 Qf6 12. d4 e4 13. Nd2 Re8 14. e3 Bd7 15. Rb1 Rab8 16. Qb3+ Kh8 17. Rfc1 g5 18. Nc4 f4 19. exf4 gxf4 20. gxf4 Qxf4 21. Ne3 Rg8 22. Qd5 Rbf8 23. Rf1 Bh3 24. Rxb7 Bxg2 25. Nxg2 Qf3 26. Qxe4 Rxg2+ 27. Kh1 Qxe4 28. f3 Rxf3 29. Kxg2 Qg4+ 0-1

[Event "GER-ch Net qual1 U14"]
[Site "Playchess.com INT"]
[Date "2012.09.01"]
[Round "5"]
[White "Wichmann, Adrian"]
[Black "Mueller, Sophie Elisabeth"]
[Result "1/2-1/2"]
[WhiteElo "1483"]
[BlackElo "1507"]
[PlyCount "94"]
[EventDate "2012.09.01"]
[EventType "swiss (blitz)"]
[EventRounds "7"]
[EventCountry "GER"]
[SourceTitle "CBM 150 Extra"]
[Source "ChessBase"]
[SourceDate "2012.10.19"]
[SourceVersion "1"]
[SourceVersionDate "2012.10.19"]
[SourceQuality "1"]

1. e4 e6 2. d4 d5 3. exd5 exd5 4. Bd3 Nf6 5. Ne2 Be7 6. 0-0 0-0 7. Bf4 c6 8. Nbc3 Bg4 9. f3 Bh5 10. Qd2 Bd6 11. Bg5 Nbd7 12. Ng3 Bg6 13. Rad1 Bxd3 14. Qxd3 h6 15. Bxf6 Nxf6 16. Nf5 Qc7 17. g3 Rfe8 18. Rfe1 Rxe1+ 19. Rxe1 Re8 20. Rxe8+ Nxe8 21. Qe3 Nf6 22. Kh1 Qd7 23. Nh4 Qh3 24. Qf2 Qe6 25. Ng2 Kf8 26. Ne2 Qf5 27. Nef4 Bxf4 28. Nxf4 g5 29. Nd3 Qe6 30. Ne5 Qf5 31. Kg2 Nd7 32. g4 Qe6 33. Nxd7+ Qxd7 34. Qe3 Qe7 35. Kf2 Qxe3+ 36. Kxe3 Ke7 37. f4 f6 38. f5 Kd6 39. Kd3 c5 40. dxc5+ Kxc5 41. c3 b5 42. b4+ Kc6 43. Kd4 Kd6 44. a3 a6 45. h3 Kc6 46. Ke3 Kd6 47. Kd4 Kc6 1/2-1/2

[Event "GER-chT Federal Cup (Women)"]
[Site "Braunfels"]
[Date "2012.06.08"]
[Round "3.6"]
[White "Mueller, Sophie Elisabeth"]
[Black "Pump, Karen"]
[Result "1/2-1/2"]
[WhiteElo "1400"]
[BlackElo "1671"]
[PlyCount "57"]
[EventDate "2012.06.07"]
[EventType "team-swiss"]
[EventRounds "5"]
[EventCountry "GER"]
[SourceTitle "CBM 149 Extra"]
[Source "ChessBase"]
[SourceDate "2012.08.24"]
[SourceVersion "1"]
[SourceVersionDate "2012.08.24"]
[SourceQuality "1"]
[WhiteTeam "Saarland (W)"]
[BlackTeam "Hamburg (W)"]
[WhiteTeamCountry "GER"]
[BlackTeamCountry "GER"]

1. Nf3 d5 2. g3 c5 3. Bg2 Nc6 4. 0-0 Nf6 5. d3 e5 6. c4 d4 7. e3 Be7 8. exd4 exd4 9. Re1 0-0 10. Na3 Bg4 11. Nc2 Qd7 12. a3 Rab8 13. Bf4 Bd6 14. Bxd6 Qxd6 15. Rb1 b6 16. b4 Rfe8 17. b5 Ne5 18. Rf1 Re7 19. Nce1 Rbe8 20. Qb3 Ng6 21. Nc2 Qd7 22. Rfe1 Bh3 23. Rxe7 Rxe7 24. Re1 Bxg2 25. Kxg2 Qe8 26. Qb1 Ne5 27. Nxe5 Rxe5 28. Rxe5 Qxe5 29. Qe1 1/2-1/2

[Event "GER-ch U12"]
[Site "Oberhof"]
[Date "2012.05.30"]
[Round "7"]
[White "Mueller, Sophie Elisabeth"]
[Black "Moses, Selina"]
[Result "0-1"]
[WhiteElo "1435"]
[BlackElo "1511"]
[PlyCount "114"]
[EventDate "2012.05.27"]
[EventType "swiss"]
[EventRounds "11"]
[EventCountry "GER"]
[SourceTitle "CBM 148 Extra"]
[Source "ChessBase"]
[SourceDate "2012.06.22"]
[SourceVersion "1"]
[SourceVersionDate "2012.06.22"]
[SourceQuality "1"]

1. Nf3 d5 2. g3 Nf6 3. Bg2 c6 4. 0-0 Bf5 5. d3 h6 6. c4 e6 7. a3 a5 8. Bd2 Be7 9. Nc3 0-0 10. Na2 dxc4 11. dxc4 Ne4 12. Nc3 Nxd2 13. Qxd2 Qxd2 14. Nxd2 Bf6 15. Rac1 Rd8 16. Rfd1 Nd7 17. Nde4 Bxe4 18. Bxe4 Nc5 19. Bd3 Nxd3 20. exd3 Rd7 21. Rc2 Rad8 22. Rcd2 Bg5 23. f4 Bf6 24. Ne4 Bd4+ 25. Kg2 Be3 26. Re2 Rxd3 27. Rxd3 Rxd3 28. Nf2 Bxf2 29. Kxf2 Kf8 30. Ke1 Ke7 31. Rd2 Rxd2 32. Kxd2 Kd6 33. b4 axb4 34. axb4 b5 35. Kd3 e5 36. f5 h5 37. h3 g6 38. fxg6 fxg6 39. cxb5 cxb5 40. Ke4 Ke6 41. g4 hxg4 42. hxg4 g5 43. Ke3 Kd5 44. Kd3 e4+ 45. Ke3 Ke5 46. Ke2 Kf4 47. Kf2 Kxg4 48. Ke3 Kf5 49. Ke2 Kf4 50. Kf2 g4 51. Ke2 g3 52. Kf1 Kf3 53. Kg1 g2 54. Kh2 Kf2 55. Kh3 g1Q 56. Kh4 Qg6 57. Kh3 Qg3# 0-1

[Event "GER-ch U12"]
[Site "Oberhof"]
[Date "2011.06.12"]
[Round "1"]
[White "Mueller, Sophie Elisabeth"]
[Black "Gressmann, Moritz"]
[Result "0-1"]
[WhiteElo "1386"]
[BlackElo "1738"]
[PlyCount "82"]
[EventDate "2011.06.11"]
[EventType "swiss"]
[EventRounds "11"]
[EventCountry "GER"]
[SourceTitle "CBM 142 Extra"]
[Source "ChessBase"]
[SourceDate "2011.06.27"]
[SourceVersion "1"]
[SourceVersionDate "2011.06.27"]
[SourceQuality "1"]

1. d4 d5 2. Bf4 Nf6 3. e3 c5 4. c3 Nc6 5. Bd3 Qb6 6. Qc1 c4 7. Bc2 h6 8. Nf3 Bg4 9. Nbd2 e6 10. 0-0 Be7 11. h3 Bxf3 12. Nxf3 0-0 13. Re1 Qd8 14. e4 Nxe4 15. Bxe4 dxe4 16. Rxe4 Qd5 17. Re2 b5 18. a3 a5 19. Ne5 b4 20. Nxc6 Qxc6 21. Re3 Rfd8 22. Rg3 Kf8 23. Qc2 Bf6 24. Rd1 bxa3 25. bxa3 Rd5 26. Qc1 Qa4 27. Re1 Rad8 28. Ree3 e5 29. Bxh6 gxh6 30. Ref3 Bg5 31. Qe1 Qe8 32. Qe4 exd4 33. Qh7 Qe1+ 34. Kh2 Qe6 35. cxd4 Rxd4 36. Rxg5 hxg5 37. Qh8+ Ke7 38. Qg7 R8d5 39. Re3 Re4 40. Rf3 Qe5+ 41. Qxe5+ Rdxe5 0-1